LEADER 01344nam a2200337 i 4500 001 991001288629707536 008 051102s2000 de b 001 0 eng d 020 $a3540667857 035 $ab13349703-39ule_inst 040 $aDip.to Matematica$beng 082 0 $a512.73$221 084 $aAMS 11J 084 $aAMS 11-02 084 $aAMS 14L 084 $aAMS 20G 084 $aAMS 33B10 084 $aLC QA242.W35 100 1 $aWaldschmidt, Michel$044163 245 10$aDiophantine approximation on linear algebraic groups :$btranscendence properties of the exponential function in several variables /$cMichel Waldschmidt 260 $aBerlin :$bSpringer,$cc2000 300 $axxiii, 633 p. ;$c24 cm 440 0$aGrundlehren der mathematischen Wissenschaften = A series of comprehensive studies in mathematics,$x0072-7830 ;$v326 504 $aIncludes bibliographical references (p. [615]-627) and index 650 0$aDiophantine approximation 650 0$aLinear algebraic groups 907 $a.b13349703$b22-11-06$c02-11-05 912 $a991001288629707536 945 $aLE013 11J WAL11 (2000)$g1$i2013000291246$lle013$op$pE26.10$q-$rl$s- $t0$u0$v0$w0$x0$y.i14153130$z15-11-05 996 $aDiophantine approximation on linear algebraic groups$982721 997 $aUNISALENTO 998 $ale013$b02-11-05$cm$da $e-$feng$gde $h0$i0 LEADER 01136nas 2200361-a 450 001 9910146467003321 005 20240413013409.0 035 $a(CKB)1000000000280697 035 $a(CONSER)--2005252367 035 $a(EXLCZ)991000000000280697 100 $a20011107a20019999 --- a 101 0 $aeng 181 $ctxt$2rdacontent 182 $cc$2rdamedia 183 $acr$2rdacarrier 200 00$aIASB update 210 $aLondon $cIASB 215 $a1 online resource 311 $aPrint version: IASB update. (DLC) 2005252367 (OCoLC)48381315 1474-2675 517 3 $aUpdate 517 3 $aInternational Accounting Standards Board update 517 1 $aBoard decisions on international accounting standards 606 $aAccounting$xStandards$vPeriodicals 606 $aAccounting$xStandards$2fast$3(OCoLC)fst00795458 608 $aPeriodicals.$2fast 615 0$aAccounting$xStandards 615 7$aAccounting$xStandards. 712 02$aInternational Accounting Standards Board. 906 $aJOURNAL 912 $a9910146467003321 920 $aexl_impl conversion 996 $aIASB update$92050742 997 $aUNINA